000
00322 a2200157 4500
001
169788
020
_a
040
_c
Magnum
100
_a
Machado, Maria Clara
240
1
0
_a
Dudu e o dinossauro
_l
por
245
1
0
_a
Dudu e o dinossauro
362
0
_a
1899
440
1
_a
Ediouro
697
_a
IJ/ANIMAIS
942
_c
BK
999
_c
169788
_d
169788